000 00939cam a2200289 i 4500
001 1811324
003 Nust- CAS-E
005 20180118181405.0
008 800721s1979 paua b 001 0 eng
010 _a 79093329
020 _a089520360X
040 _aDLC
_cDLC
_dDLC
050 0 0 _aTN671
_b.F54
082 0 0 _a669
_219
_bFIN 1993
100 1 _aFine, H. Alan.
245 1 0 _aHandbook on material and energy balance calculations in metallurgical processes /
_cby H. Alan Fine and Gordon H. Geiger.
260 _aWarrendale, Pa. :
_bMetallurgical Society of AIME,
_c[c1979]
300 _axii, 572 p . :
_bill. ;
_c27 cm.
440 0 _aMetallurgical textbook series
500 _aIncludes index.
502 _a0
504 _aBibliography: p. 518-561.
650 0 _aMetallurgy
_xHandbooks, manuals, etc.
700 1 _aGeiger, Gordon Harold,
_d1937-
906 _a7
_bcbc
_corignew
_d2
_eopcn
_f19
_gy-gencatlg
942 _2ddc
_cBK
999 _c355535
_d355535